书目信息 |
| 题名: |
中国城市竞争力报告
|
|
| 作者: | 倪鹏飞 主编 | |
| 分册: | No.17 住房, 关系国与家 | |
| 出版信息: | 北京 中国社会科学出版社 2019.06 |
|
| 页数: | 539页 | |
| 开本: | 24cm | |
| 丛书名: | ||
| 单 册: | ||
| 中图分类: | F299.2 | |
| 科图分类: | ||
| 主题词: | 城市--cheng shi--竞争力--研究报告--中国 | |
| 电子资源: | ||
| ISBN: | 978-7-5203-4609-2 | |
| 000 | 01429nam 2200265 450 | |
| 001 | 202021193209 | |
| 005 | 20211025120136.0 | |
| 010 | @a978-7-5203-4609-2@dCNY158.00 | |
| 100 | @a20210927d2019 em y0chiy50 ea | |
| 101 | 0 | @achi@deng@eeng |
| 102 | @aCN@b110000 | |
| 105 | @aak z 000yy | |
| 106 | @ar | |
| 200 | 1 | @a中国城市竞争力报告@Azhong guo cheng shi jing zheng li bao gao@hNo.17@i住房, 关系国与家@d= Annual report on China's urban competitiveness@hNo.17@f主编倪鹏飞@zeng |
| 210 | @a北京@c中国社会科学出版社@d2019.06 | |
| 215 | @a539页@c图@d24cm | |
| 300 | @a本报告由国家自然科学基金面上项目“多中心群网化中国城市新体系的决定机制研究” (项目批准号: 71774170) 支持。中国社会科学院创新工程学术出版资助项目 中社智库年度报告 | |
| 330 | @a本书包括“住房发展与经济增长: 经验事实、假设检验与情景模拟”“住房发展与结构调整: 经验事实、假设检验与情景模拟”“住房发展与经济风险: 经验事实、假设检验与情景模拟”“住房保障与居住民生: 经验事实与对策建设”四大部分, 主要从促增长、调结构、防风险和惠民生四大角度出发, 研究了房地产对其的影响, 并判断其在未来的总体走向, 为稳定我国宏观经济运行提供建议。 | |
| 510 | 1 | @aAnnual report on China's urban competitiveness@hNo.17@zeng |
| 517 | 1 | @a住房, 关系国与家@Azhu fang , guan xi guo yu jia |
| 606 | 0 | @a城市@Acheng shi@x竞争力@x研究报告@y中国 |
| 690 | @aF299.2@v5 | |
| 701 | 0 | @a倪鹏飞@Ani peng fei@4主编 |
| 801 | 0 | @aCN@c20210909 |
| 905 | @a河南城建学院图书馆@dF299.2@eN505:17 | |
| 中国城市竞争力报告.No.17.住房, 关系国与家= Annual report on China's urban competitiveness.No.17/主编倪鹏飞.-北京:中国社会科学出版社,2019.06 |
| 539页:图;24cm |
| 本报告由国家自然科学基金面上项目“多中心群网化中国城市新体系的决定机制研究” (项目批准号: 71774170) 支持。中国社会科学院创新工程学术出版资助项目 中社智库年度报告 |
| ISBN 978-7-5203-4609-2:CNY158.00 |
| 本书包括“住房发展与经济增长: 经验事实、假设检验与情景模拟”“住房发展与结构调整: 经验事实、假设检验与情景模拟”“住房发展与经济风险: 经验事实、假设检验与情景模拟”“住房保障与居住民生: 经验事实与对策建设”四大部分, 主要从促增长、调结构、防风险和惠民生四大角度出发, 研究了房地产对其的影响, 并判断其在未来的总体走向, 为稳定我国宏观经济运行提供建议。 |
| ● |
| 相关链接 |
|
|
|
正题名:中国城市竞争力报告
索取号:F299.2/N505:17
 
预约/预借
| 序号 | 登录号 | 条形码 | 馆藏地/架位号 | 状态 | 备注 |
| 1 | 1542196 | 215421960 | 社科库409/409社科库 114排2列2层/ [索取号:F299.2/N505:17] | 在馆 |